000 00999nam0a2200289 4500
001 RU\NLR\ONL2\7875
005 20250627112144.0
035 _a(NLR Aleph) 009655464
090 _a13288622
_c13288622
100 _a20071210d1949 |||y0rusy50 ca
101 0 _aaze
102 _aAZ
105 _ab |||||||||
200 1 _aҺәндәсә мәсәләләри
_eриjазиjjат мүәллимләри үчүн вәсаит
_fС. Ағазадә
210 _aБаки
_cАзәрнәшр
_d1949
215 _a112 с.
_cчерт.
_d22
541 1 _aЗадачи по геометрии
_eпособие для преподавателей математики
_zrus
606 0 _aГеометрия
_xПреподавание
_92256262
_3RU\NLR\auth\661353100
686 1 _aЧ426.27
700 1 _aАғазадә
_bС.
_4070
801 0 _aRU
_bNLR
_c20071210
_gPSBO
852 _aNLR
_bОНЛ
_jАзерб./3-3810
942 _cBOOK
980 _aONL_RF
980 _aNB